00401nam a2200097Ia 4500008004100000100001700041245014900058260002700207650002000234856004900254171212s9999 xx 000 0 und d aHealth, RAND cHealth, RANDaBalancing Demand and Supply for Veterans' Health CarebA Summary of Three RAND Assessments Conducted Under the Veterans Choice Act bRAND Corporationc2016 aHealth Sciences uhttp://jstor.org/stable/10.7249/j.ctt19rmcwm